Представление документа в формате RUSMARC

ПолеНазваниеЗначение
  Тип записи a
  Библиографический уровень a
001 Контрольный номер RU/CBS_UL/BASE/e93625aedf414a219ceda1e0457fe719
005 Дата корректировки 20250414090405.9
100 Данные общей обработки __
a Данные общей обработки 20250414 ||| 0rusy0189 ca
101 Язык документа 0_
a Язык текста rus
102 Страна публикации __
a Страна публикации RU
200 Заглавие и сведения об ответственности 1_
a Заглавие Блокадный летописец
e Сведения, относящиеся к заглавию [художник-летописец блокадного Ленинграда - Соломон Боим]
f Первые сведения об ответственности А. Александрова
300 Общие примечания __
a Общие примечания Прил. : с. 21-26 : фото. - (Свой. Ежемесячное приложение к газете "Культура")
300 Общие примечания __
a Общие примечания 12+
461 Уровень набора _0
1 2000
a Культура
463 Уровень физической единицы _0
1 2000
a № 10 (31 окт.)
1 2101
d 2024
1 001RU/CBS_UL/BASE/2b8bf672d34e4d409dfcd59d579ac9fa
600 Персоналии _1
a Персоналии (Фамилия) Боим
b Персоналии (Имя, инициалы) С.С.
606 Тематические рубрики 0_
a Основная рубрика Боим, Соломон Самсонович (1899-1978)
610 Ключевые слова 0_
a Ключевые слова советские художники
610 Ключевые слова 0_
a Ключевые слова художники
610 Ключевые слова 0_
a Ключевые слова живописцы
610 Ключевые слова 0_
a Ключевые слова педагоги
610 Ключевые слова 0_
a Ключевые слова акварелисты
610 Ключевые слова 0_
a Ключевые слова графики
686 Индексы других классификаций __
a Классификационный индекс 85.143(2)
700 Автор _1
a Фамилия Александрова
b Имя (инициалы) А.
801 Источник записи _0
a Страна RU
b Организация МБУК ЦБС г. Ульяновска
c Дата составления 20250414
g Правила каталогизации RCR
801 Источник записи _1
a Страна RU
b Организация МБУК ЦБС г. Ульяновска
c Дата составления 20250414
g Правила каталогизации RCR
901 Тип документа __
t Тип документа f
w Контрольный № источника RU/CBS_UL/BASE/2b8bf672d34e4d409dfcd59d579ac9fa
909 Создатель записи __
a Создатель записи mbo